Building the Web : (Record no. 121374)
[ view plain ]
| 000 -LEADER | |
|---|---|
| fixed length control field | 00771nam a2200241 a 4500 |
| 001 - CONTROL NUMBER | |
| control field | 121374 |
| 005 - DATE AND TIME OF LATEST TRANSACTION | |
| control field | 20230215105350.0 |
| 008 - FIXED-LENGTH DATA ELEMENTS--GENERAL INFORMATION | |
| fixed length control field | 230215s1998 enk 000 0 eng d |
| 020 ## - INTERNATIONAL STANDARD BOOK NUMBER | |
| ISBN | 9781899769520 |
| 041 ## - LANGUAGE CODE | |
| Language code of text/sound track or separate title | eng |
| 050 ## - Library of Congress Classification | |
| Class mark | 658 |
| 100 1# - MAIN ENTRY--PERSONAL NAME | |
| Personal author | Dixon, Timothy J., |
| 245 10 - TITLE STATEMENT | |
| Title | Building the Web : |
| Subtitle | the Internet and the property profession / |
| Statement of responsibility, etc | Tim Dixon ; with an introduction by Richard Lay. |
| 260 ## - PUBLICATION INFORMATION | |
| Place of publication | Reading : |
| Publisher | College of Estate Management, |
| Date | 1998. |
| 300 ## - PHYSICAL DESCRIPTION | |
| Physical description | xviii, 121 p. ; |
| Dimensions | 30 cm. |
| 500 ## - GENERAL NOTE | |
| General note | "September 1998" |
| 650 #0 - KEYWORDS | |
| Keywords | Internet |
| 650 #0 - KEYWORDS | |
| Keywords | Computer networks |
| General subdivision | Law and legislation |
| 651 ## - SUBJECT ADDED ENTRY--GEOGRAPHIC NAME | |
| Geographic name | United Kingdom |
| 830 #0 - SERIES ADDED ENTRY--UNIFORM TITLE | |
| Uniform title | College of Estate Management research report ; |
| Volume number/sequential designation | 1998/2 |
| 942 ## - ADDED ENTRY ELEMENTS (KOHA) | |
| Suppress in OPAC | Do not suppress in OPAC |
| Lost status | Damaged status | Not for loan | Home library | Current library | Shelving location | Date acquired | Total Checkouts | Full call number | Date last seen | Price effective from | Koha item type |
|---|---|---|---|---|---|---|---|---|---|---|---|
| Archives | Archives | Basement | 15/02/2023 | 658 | 15/02/2023 | 15/02/2023 | Book |